000 004430000a22001810004500
003 MACL
005 20160129154803.0
008 160129b xxu||||| |||| 00| 0 eng d
040 _aMACL
_cMACL
041 _aEnglish
082 _a823/CHA
100 _aChaudhuri, Nirad C.
_935564
245 _aA passage to England
260 _bOrient parerbacks
_c1971
_aNew Delhi
350 _a90
650 _aFiction
_935565
942 _cBK
_k823/Cha
_2ddc
999 _c31233
_d31233